00433nam a2200133 450008200160000010000310001624500690004725000120011626000870012830000180021550000210023352600370025465000080029100a297.52bBAG1 aBagvi, Malik Bashir Ahmad.10aDetermination of the direction of Qibla and the Islamic timings. a1st ed. aDacca,bPrinted at Pak-Arts;aavailable from Anjuman Khuddamud-Din, Lahore,c1970. a56 p.c22 cm. aEnglish or Urdu. a0b0c0d297_520000000000000_BAG aMCE